000 00533nam a22001817a 4500
005 20231106142202.0
008 231106b |||||||| |||| 00| 0 eng d
020 _a9780409123241
041 _aEnglish
082 _a346.5 INS
100 _aDe Clercq, B et al.
_lEnglish
245 _aInsolvent Estates /
_cB de Clercq et al.
250 _aEighth Edition
260 _aDurban :
_bLexisNexis (Pty) Ltd,
_c2014
300 _b285 pages ;
_c25 cm.
650 _aLegal practice
_bLaw
942 _cBK
_6ALISON_BN_VRIES
999 _c332
_d332